[Event "DVM U14w 2017"]
[Site "Neumünster GER"]
[Date "2017.12.29"]
[Round "6"]
[White "Schulz, Hannah"]
[Black "Reichelt, Lena"]
[Result "1/2-1/2"]
[Termination "normal"]
[Board "3.2"]
[WhiteElo "1478"]
[BlackElo "1495"]
[WhiteClock "00:31:31"]
[BlackClock "00:24:53"]
[WhiteTeam "Karlsruher SF"]
[BlackTeam "SK Nordhorn-Blanke"]
[PlyCount "93"]
[WhiteFideId "16244745"]
[BlackFideId "12981184"]
[EventCountry "GER"]
[EventRounds "7"]
[EventType "team-swiss"]
[EventDate "2017.12.26"]

1. e4 {[%clk 1:30:58]} c5 {[%clk 1:30:53]} 2. Nf3 {[%clk 1:31:23]} Nc6 {[%clk
1:31:11]} 3. d4 {[%clk 1:31:45]} cxd4 {[%clk 1:31:20]} 4. Nxd4 {[%clk 1:32:08]}
Nf6 {[%clk 1:31:28]} 5. Nc3 {[%clk 1:32:01]} e5 {[%clk 1:31:11]} 6. Ndb5 {[%clk
1:30:57]} d6 {[%clk 1:31:03]} 7. Bg5 {[%clk 1:29:28]} a6 {[%clk 1:30:07]} 8.
Bxf6 {[%clk 1:28:05]} gxf6 {[%clk 1:29:24]} 9. Na3 {[%clk 1:27:50]} b5 {[%clk
1:28:56]} 10. Nd5 {[%clk 1:23:53]} Bg7 {[%clk 1:25:11]} 11. g3 {[%clk 1:21:20]}
O-O {[%clk 1:24:47]} 12. Bg2 {[%clk 1:20:02]} f5 {[%clk 1:21:42]} 13. O-O
{[%clk 1:17:48]} fxe4 {[%clk 1:12:46]} 14. Bxe4 {[%clk 1:14:24]} f5 {[%clk
1:12:54]} 15. Bg2 {[%clk 1:12:16]} e4 {[%clk 0:54:10]} 16. Rb1 {[%clk 1:07:07]}
Kh8 {[%clk 0:51:58]} 17. c3 {[%clk 1:02:57]} Ne7 {[%clk 0:42:54]} 18. Nf4
{[%clk 1:01:10]} Ng6 {[%clk 0:37:44]} 19. Qd5 {[%clk 0:58:19]} Qb6 {[%clk
0:22:14]} 20. Ne6 {[%clk 0:47:30]} Bxe6 {[%clk 0:22:15]} 21. Qxe6 {[%clk
0:47:41]} Rae8 {[%clk 0:20:59]} 22. Qd5 {[%clk 0:44:42]} Re5 {[%clk 0:18:33]}
23. Qb3 {[%clk 0:43:54]} Qc5 {[%clk 0:14:27]} 24. Nc2 {[%clk 0:39:16]} f4
{[%clk 0:09:56]} 25. Nd4 {[%clk 0:34:23]} Rfe8 {[%clk 0:06:32]} 26. Qa3 {[%clk
0:28:03]} Qb6 {[%clk 0:05:26]} 27. Rbd1 {[%clk 0:24:13]} d5 {[%clk 0:04:39]}
28. Qb3 {[%clk 0:21:18]} fxg3 {[%clk 0:02:19]} 29. hxg3 {[%clk 0:20:12]} e3
{[%clk 0:02:04]} 30. Rd3 {[%clk 0:19:14]} exf2+ {[%clk 0:02:07]} 31. Rxf2
{[%clk 0:17:14]} Re1+ {[%clk 0:02:25]} 32. Rf1 {[%clk 0:17:05]} Bxd4+ {[%clk
0:02:41]} 33. Rxd4 {[%clk 0:16:15]} Qe6 {[%clk 0:02:34]} 34. Rd1 {[%clk
0:12:55]} Rxf1+ {[%clk 0:02:38]} 35. Rxf1 {[%clk 0:13:03]} Qe3+ {[%clk
0:02:39]} 36. Kh2 Qh6+ {[%clk 0:02:45]} 37. Kg1 {[%clk 0:10:51]} Qe3+ {[%clk
0:02:41]} 38. Rf2 {[%clk 0:10:13]} Rf8 {[%clk 0:01:06]} 39. Qc2 {[%clk
0:09:02]} Qxg3 {[%clk 0:00:37]} 40. Rxf8+ {[%clk 0:07:55]} Nxf8 {[%clk
0:01:03]} 41. Qf2 {[%clk 0:08:04]} Qg7 {[%clk 0:24:34]} 42. Qd4 {[%clk
0:37:36]} Qxd4+ {[%clk 0:24:25]} 43. cxd4 {[%clk 0:38:00]} Ne6 {[%clk 0:24:35]}
44. Bxd5 {[%clk 0:38:13]} Nxd4 {[%clk 0:24:50]} 45. Bb7 a5 {[%clk 0:25:08]} 46.
Kf2 {[%clk 0:35:29]} h5 {[%clk 0:24:53]} 47. Be4 {[%clk 0:31:31]} 1/2-1/2

[Event "DVM U14w 2017"]
[Site "Neumünster GER"]
[Date "2017.12.29"]
[Round "6"]
[White "Wolterink, Jule"]
[Black "Shevchenko, Alyona"]
[Result "1-0"]
[Termination "normal"]
[Board "3.3"]
[WhiteElo "1299"]
[BlackElo "1176"]
[WhiteClock "00:50:05"]
[BlackClock "00:14:17"]
[WhiteTeam "SK Nordhorn-Blanke"]
[BlackTeam "Karlsruher SF"]
[PlyCount "67"]
[WhiteFideId "12981206"]
[BlackFideId "12983420"]
[EventCountry "GER"]
[EventRounds "7"]
[EventType "team-swiss"]
[EventDate "2017.12.26"]

1. d4 c6 2. Bf4 d5 3. e3 {[%clk 1:31:31]} Bf5 {[%clk 1:30:24]} 4. Nf3 {[%clk
1:31:41]} e6 {[%clk 1:30:31]} 5. c3 {[%clk 1:31:21]} Nf6 {[%clk 1:29:47]} 6. h3
{[%clk 1:31:32]} h6 {[%clk 1:29:27]} 7. Nbd2 {[%clk 1:31:19]} a6 {[%clk
1:29:18]} 8. Be2 {[%clk 1:29:45]} c5 {[%clk 1:28:48]} 9. O-O {[%clk 1:29:02]}
Nc6 {[%clk 1:28:07]} 10. Ne5 {[%clk 1:24:48]} Nxe5 {[%clk 1:23:51]} 11. Bxe5
{[%clk 1:24:24]} Bd6 {[%clk 1:23:32]} 12. Nf3 {[%clk 1:24:24]} O-O {[%clk
1:22:43]} 13. Re1 {[%clk 1:19:35]} Re8 {[%clk 1:21:19]} 14. Bd3 {[%clk
1:17:10]} Bxd3 {[%clk 1:21:24]} 15. Qxd3 {[%clk 1:17:32]} c4 {[%clk 1:18:54]}
16. Qc2 {[%clk 1:15:17]} Bxe5 {[%clk 1:14:06]} 17. Nxe5 {[%clk 1:15:33]} Ne4
{[%clk 1:08:34]} 18. f3 {[%clk 1:14:18]} Nd6 {[%clk 1:01:56]} 19. e4 {[%clk
1:12:49]} Rc8 {[%clk 0:53:04]} 20. Re2 {[%clk 1:09:22]} h5 {[%clk 0:42:10]} 21.
exd5 {[%clk 1:06:53]} exd5 {[%clk 0:41:36]} 22. Rae1 {[%clk 1:05:46]} Qc7
{[%clk 0:38:13]} 23. Qd2 {[%clk 1:04:14]} Rf8 {[%clk 0:30:53]} 24. Qf4 {[%clk
1:00:56]} Rcd8 {[%clk 0:27:31]} 25. Qh4 {[%clk 0:57:37]} Nf5 {[%clk 0:25:53]}
26. Qg5 {[%clk 0:56:26]} Qc8 {[%clk 0:19:41]} 27. Qf4 {[%clk 0:52:26]} Nd6
{[%clk 0:19:05]} 28. g4 {[%clk 0:51:10]} hxg4 {[%clk 0:19:10]} 29. Nxg4 {[%clk
0:51:06]} Qf5 {[%clk 0:18:35]} 30. Nh6+ {[%clk 0:48:59]} gxh6 {[%clk 0:16:15]}
31. Qxh6 {[%clk 0:49:13]} Qh7 {[%clk 0:14:51]} 32. Rg2+ {[%clk 0:49:31]} Kh8
{[%clk 0:14:49]} 33. Qf6+ {[%clk 0:49:47]} Qg7 {[%clk 0:14:17]} 34. Qxg7#
{[%clk 0:50:05]} 1-0

[Event "DVM U14w 2017"]
[Site "Neumünster GER"]
[Date "2017.12.29"]
[Round "6"]
[White "Reiter, Hannah"]
[Black "Hallfarth, Luise"]
[Result "0-1"]
[Termination "normal"]
[Board "3.4"]
[WhiteElo "850"]
[BlackElo "1429"]
[WhiteClock "01:05:02"]
[BlackClock "00:58:27"]
[WhiteTeam "Karlsruher SF"]
[BlackTeam "SK Nordhorn-Blanke"]
[PlyCount "154"]
[WhiteFideId "16239679"]
[BlackFideId "16250222"]
[EventCountry "GER"]
[EventRounds "7"]
[EventType "team-swiss"]
[EventDate "2017.12.26"]

1. e4 {[%clk 1:30:58]} e6 {[%clk 1:30:51]} 2. Nf3 {[%clk 1:31:08]} d5 {[%clk
1:30:53]} 3. exd5 {[%clk 1:30:30]} exd5 {[%clk 1:31:10]} 4. d4 {[%clk 1:27:46]}
Bd6 {[%clk 1:31:21]} 5. Bd3 {[%clk 1:26:17]} Nc6 {[%clk 1:31:16]} 6. O-O {[%clk
1:25:28]} Nge7 {[%clk 1:31:13]} 7. Be3 {[%clk 1:23:54]} Bg4 {[%clk 1:31:20]} 8.
h3 {[%clk 1:23:55]} Bh5 {[%clk 1:31:32]} 9. Re1 {[%clk 1:22:47]} Qd7 {[%clk
1:31:38]} 10. Bb5 {[%clk 1:22:45]} O-O-O {[%clk 1:30:23]} 11. Nbd2 {[%clk
1:20:48]} f5 {[%clk 1:28:05]} 12. Bg5 {[%clk 1:18:48]} Rde8 {[%clk 1:27:12]}
13. c3 {[%clk 1:17:55]} h6 {[%clk 1:25:56]} 14. Bxe7 {[%clk 1:17:36]} Rxe7
{[%clk 1:25:34]} 15. Rxe7 {[%clk 1:17:25]} Bxe7 {[%clk 1:25:08]} 16. Ne5 {[%clk
1:16:08]} Bxd1 {[%clk 1:23:35]} 17. Nxd7 {[%clk 1:16:19]} Ba4 {[%clk 1:21:03]}
18. Bxa4 {[%clk 1:16:05]} Kxd7 {[%clk 1:20:59]} 19. Re1 {[%clk 1:16:05]} Bg5
{[%clk 1:17:34]} 20. Re5 {[%clk 1:16:11]} Bxd2 {[%clk 1:17:39]} 21. Rxf5 {[%clk
1:14:49]} Re8 {[%clk 1:17:18]} 22. Rxd5+ {[%clk 1:13:47]} Kc8 {[%clk 1:15:46]}
23. Bb5 {[%clk 1:12:17]} Re1+ {[%clk 1:13:23]} 24. Bf1 {[%clk 1:12:26]} Bc1
{[%clk 1:12:53]} 25. Rf5 {[%clk 1:11:16]} Bxb2 {[%clk 1:12:32]} 26. Rc5 {[%clk
1:10:24]} Rc1 {[%clk 1:12:41]} 27. d5 {[%clk 1:09:54]} b6 {[%clk 1:11:51]} 28.
Rxc6 {[%clk 1:09:46]} Rxc3 {[%clk 1:11:25]} 29. Ba6+ {[%clk 1:09:51]} Kd7
{[%clk 1:10:41]} 30. Rg6 {[%clk 1:09:37]} Rc5 {[%clk 1:09:54]} 31. d6 {[%clk
1:09:09]} cxd6 {[%clk 1:09:36]} 32. a4 {[%clk 1:08:13]} Kc7 {[%clk 1:07:33]}
33. Re6 {[%clk 1:07:29]} Bf6 {[%clk 1:05:28]} 34. Re8 {[%clk 1:07:25]} Kc6
{[%clk 0:59:21]} 35. Bb5+ {[%clk 1:07:00]} Kd5 {[%clk 0:59:07]} 36. Ra8 {[%clk
1:06:26]} Rc7 {[%clk 0:59:02]} 37. Be2 {[%clk 1:04:53]} Be5 {[%clk 0:57:45]}
38. Bf3+ {[%clk 1:03:41]} Kd4 {[%clk 0:56:49]} 39. Kf1 {[%clk 1:03:12]} Kd3
{[%clk 0:55:13]} 40. Be2+ {[%clk 1:03:21]} Kd2 {[%clk 0:55:16]} 41. g3 {[%clk
1:01:25]} Rc1+ {[%clk 0:55:02]} 42. Kg2 {[%clk 1:00:44]} Kxe2 {[%clk 0:55:16]}
43. Rxa7 {[%clk 1:00:42]} d5 {[%clk 0:55:21]} 44. Re7 {[%clk 1:00:56]} d4
{[%clk 0:52:35]} 45. Rxe5+ {[%clk 1:00:53]} Kd2 {[%clk 0:52:58]} 46. Re6 {[%clk
0:59:50]} Ra1 {[%clk 0:53:04]} 47. Rxb6 {[%clk 1:00:08]} Rxa4 {[%clk 0:53:12]}
48. Rb2+ {[%clk 1:00:21]} Kc3 {[%clk 0:53:23]} 49. Rb1 {[%clk 1:00:28]} d3
{[%clk 0:53:37]} 50. Rd1 {[%clk 1:00:53]} d2 {[%clk 0:53:40]} 51. Rf1 {[%clk
0:59:56]} Kc2 {[%clk 0:53:53]} 52. f4 {[%clk 1:00:05]} d1=Q 53. Rxd1 Kxd1 54.
Kf3 h5 {[%clk 0:52:24]} 55. g4 {[%clk 1:00:12]} Ra3+ {[%clk 0:52:33]} 56. Ke4
{[%clk 1:00:31]} hxg4 {[%clk 0:52:54]} 57. hxg4 {[%clk 1:00:51]} Ra4+ {[%clk
0:53:09]} 58. Kf5 {[%clk 1:01:10]} Ke2 {[%clk 0:53:25]} 59. g5 {[%clk 1:01:25]}
Kf3 {[%clk 0:53:43]} 60. g6 {[%clk 1:01:23]} Rxf4+ {[%clk 0:53:43]} 61. Ke5
{[%clk 1:00:47]} Rf6 {[%clk 0:53:58]} 62. Kd5 {[%clk 1:00:48]} Rxg6 {[%clk
0:54:21]} 63. Ke5 {[%clk 1:01:12]} Rg1 {[%clk 0:54:22]} 64. Kd4 {[%clk
1:01:29]} Re1 {[%clk 0:54:41]} 65. Kd3 {[%clk 1:01:48]} g5 {[%clk 0:55:01]} 66.
Kd2 {[%clk 1:01:51]} Re8 {[%clk 0:55:23]} 67. Kd3 {[%clk 1:02:06]} g4 {[%clk
0:55:47]} 68. Kd4 {[%clk 1:02:22]} g3 {[%clk 0:56:10]} 69. Kd5 {[%clk 1:02:43]}
g2 {[%clk 0:56:34]} 70. Kd6 {[%clk 1:03:49]} g1=R {[%clk 0:56:43]} 71. Kd7
{[%clk 1:03:49]} Re2 {[%clk 0:56:43]} 72. Kd6 {[%clk 1:03:49]} Rd1+ {[%clk
0:56:43]} 73. Kc5 {[%clk 1:03:49]} Rc2+ {[%clk 0:56:58]} 74. Kb4 {[%clk
1:04:13]} Rb1+ {[%clk 0:57:18]} 75. Ka3 {[%clk 1:04:23]} Rc8 {[%clk 0:57:44]}
76. Ka2 {[%clk 1:04:44]} Rb7 {[%clk 0:58:02]} 77. Ka3 {[%clk 1:05:02]} Ra8#
{[%clk 0:58:27]} 0-1

[Event "DVM U14w 2017"]
[Site "Neumünster GER"]
[Date "2017.12.29"]
[Round "6"]
[White "Eulitz, Charlotte"]
[Black "Ziegenfuß, Larissa"]
[Result "0-1"]
[Termination "normal"]
[Board "4.1"]
[WhiteElo "1544"]
[BlackElo "1691"]
[WhiteClock "00:03:13"]
[BlackClock "00:20:45"]
[WhiteTeam "SC Borussia 1920 Friedrichsfelde"]
[BlackTeam "SG Blau-Weiß Stadtilm"]
[PlyCount "134"]
[WhiteFideId "12964654"]
[BlackFideId "12974722"]
[EventCountry "GER"]
[EventRounds "7"]
[EventType "team-swiss"]
[EventDate "2017.12.26"]

1. d4 {[%clk 1:30:59]} c5 {[%clk 1:30:51]} 2. Nf3 {[%clk 1:28:00]} cxd4 {[%clk
1:31:11]} 3. Nxd4 {[%clk 1:28:03]} Nc6 {[%clk 1:31:18]} 4. e4 {[%clk 1:21:44]}
g6 {[%clk 1:31:07]} 5. Be3 {[%clk 1:20:25]} Bg7 {[%clk 1:30:33]} 6. Nc3 {[%clk
1:19:45]} a6 {[%clk 1:28:05]} 7. Qd2 {[%clk 1:16:15]} h6 {[%clk 1:27:07]} 8.
Be2 {[%clk 1:09:10]} e6 {[%clk 1:25:24]} 9. O-O-O {[%clk 1:05:01]} Nge7 {[%clk
1:22:32]} 10. h4 {[%clk 1:03:54]} b5 {[%clk 1:20:16]} 11. Kb1 {[%clk 0:53:36]}
Qa5 {[%clk 1:15:52]} 12. Nb3 {[%clk 0:46:03]} Qc7 {[%clk 1:10:18]} 13. Nc5
{[%clk 0:38:32]} Na5 {[%clk 0:54:06]} 14. Bd4 {[%clk 0:27:30]} e5 {[%clk
0:46:03]} 15. Be3 {[%clk 0:27:48]} Nb7 {[%clk 0:44:47]} 16. Nxb7 {[%clk
0:24:36]} Bxb7 {[%clk 0:45:05]} 17. h5 {[%clk 0:19:36]} g5 {[%clk 0:41:03]} 18.
f3 {[%clk 0:16:08]} Bc6 {[%clk 0:37:24]} 19. Bc5 {[%clk 0:13:43]} Nc8 {[%clk
0:31:42]} 20. Rhf1 {[%clk 0:09:56]} Bf8 {[%clk 0:26:13]} 21. Bxf8 {[%clk
0:09:06]} Rxf8 {[%clk 0:25:42]} 22. Nd5 {[%clk 0:08:12]} Qd6 {[%clk 0:22:00]}
23. Qc3 {[%clk 0:06:41]} Qb8 {[%clk 0:16:21]} 24. Qc5 {[%clk 0:05:30]} Bxd5
{[%clk 0:15:50]} 25. Rxd5 {[%clk 0:04:51]} d6 {[%clk 0:13:17]} 26. Qb4 {[%clk
0:04:47]} Qb6 {[%clk 0:11:06]} 27. g3 {[%clk 0:03:41]} Kd7 {[%clk 0:09:51]} 28.
Qd2 {[%clk 0:03:13]} Ke7 {[%clk 0:09:49]} 29. f4 {[%clk 0:03:16]} f6 {[%clk
0:09:18]} 30. Bg4 {[%clk 0:03:19]} Na7 {[%clk 0:08:07]} 31. Rd1 {[%clk
0:03:12]} Rad8 {[%clk 0:07:53]} 32. f5 {[%clk 0:02:50]} Rd7 {[%clk 0:07:54]}
33. Bf3 {[%clk 0:02:57]} Rfd8 {[%clk 0:08:15]} 34. g4 {[%clk 0:03:13]} Nc6
{[%clk 0:08:21]} 35. c3 {[%clk 0:02:45]} b4 {[%clk 0:08:01]} 36. c4 {[%clk
0:03:04]} Nd4 {[%clk 0:08:00]} 37. Be2 {[%clk 0:02:57]} a5 {[%clk 0:07:47]} 38.
b3 {[%clk 0:02:30]} Rc8 {[%clk 0:07:12]} 39. Rc1 {[%clk 0:02:13]} Rc5 {[%clk
0:06:55]} 40. Kb2 {[%clk 0:01:31]} Ra7 {[%clk 0:06:21]} 41. Bd1 {[%clk
0:29:16]} Rxd5 {[%clk 0:34:49]} 42. cxd5 {[%clk 0:28:25]} Rc7 {[%clk 0:34:40]}
43. Kb1 {[%clk 0:23:54]} Nb5 {[%clk 0:32:31]} 44. Bf3 {[%clk 0:12:07]} Rc3
{[%clk 0:30:47]} 45. Be2 {[%clk 0:09:47]} Rxc1+ {[%clk 0:29:13]} 46. Kxc1
{[%clk 0:09:25]} Nc3 {[%clk 0:28:30]} 47. Bf3 {[%clk 0:07:17]} Qg1+ {[%clk
0:28:10]} 48. Bd1 {[%clk 0:07:06]} Nxe4 {[%clk 0:27:43]} 49. Qd3 {[%clk
0:06:11]} Nc3 {[%clk 0:27:35]} 50. Kc2 {[%clk 0:04:54]} Qb6 {[%clk 0:26:41]}
51. Qc4 {[%clk 0:03:41]} Qf2+ {[%clk 0:24:15]} 52. Kc1 {[%clk 0:01:31]} Nxa2+
{[%clk 0:23:48]} 53. Kb1 {[%clk 0:01:54]} Nc3+ {[%clk 0:24:01]} 54. Kc1 {[%clk
0:02:13]} Qe3+ {[%clk 0:23:54]} 55. Kc2 {[%clk 0:01:20]} Qf2+ {[%clk 0:23:29]}
56. Kc1 {[%clk 0:01:24]} Qb6 {[%clk 0:23:08]} 57. Qc8 {[%clk 0:01:17]} Qe3+
{[%clk 0:19:38]} 58. Kc2 {[%clk 0:01:40]} Qe4+ {[%clk 0:19:55]} 59. Kd2 {[%clk
0:01:43]} Qd4+ {[%clk 0:19:36]} 60. Ke1 {[%clk 0:01:41]} Qxd1+ {[%clk 0:19:47]}
61. Kf2 {[%clk 0:02:06]} Qd4+ {[%clk 0:19:53]} 62. Kf1 {[%clk 0:01:47]} Qf4+
{[%clk 0:19:40]} 63. Kg2 {[%clk 0:02:01]} Qxg4+ {[%clk 0:19:44]} 64. Kf1 {[%clk
0:02:10]} Qf3+ {[%clk 0:20:08]} 65. Kg1 {[%clk 0:02:24]} Ne2+ {[%clk 0:20:31]}
66. Kh2 {[%clk 0:02:49]} Qg3+ {[%clk 0:20:45]} 67. Kh1 {[%clk 0:03:13]} Qg1#
0-1

[Event "DVM U14w 2017"]
[Site "Neumünster GER"]
[Date "2017.12.29"]
[Round "6"]
[White "Pflugradt, Natalie"]
[Black "Berghold, Lotta"]
[Result "0-1"]
[Termination "normal"]
[Board "4.2"]
[WhiteElo "1420"]
[BlackElo "1369"]
[WhiteClock "00:07:28"]
[BlackClock "00:04:34"]
[WhiteTeam "SG Blau-Weiß Stadtilm"]
[BlackTeam "SC Borussia 1920 Friedrichsfelde"]
[PlyCount "110"]
[WhiteFideId "16212444"]
[BlackFideId "16243463"]
[EventCountry "GER"]
[EventRounds "7"]
[EventType "team-swiss"]
[EventDate "2017.12.26"]

1. e4 {[%clk 1:30:58]} b6 {[%clk 1:30:55]} 2. d4 {[%clk 1:31:12]} Bb7 {[%clk
1:31:20]} 3. f3 {[%clk 1:31:26]} e6 {[%clk 1:31:33]} 4. Be3 {[%clk 1:31:19]}
Nf6 {[%clk 1:31:43]} 5. c4 {[%clk 1:30:33]} d5 {[%clk 1:22:00]} 6. e5 {[%clk
1:25:59]} Nfd7 {[%clk 1:21:45]} 7. Nh3 {[%clk 1:12:43]} c5 {[%clk 1:02:01]} 8.
Nc3 {[%clk 0:57:58]} cxd4 {[%clk 0:52:07]} 9. Bxd4 {[%clk 0:57:04]} Bb4 {[%clk
0:46:04]} 10. a3 {[%clk 0:44:33]} Bxc3+ {[%clk 0:44:54]} 11. Bxc3 {[%clk
0:44:43]} dxc4 {[%clk 0:39:57]} 12. Nf2 {[%clk 0:38:55]} Bd5 {[%clk 0:29:54]}
13. Qc2 {[%clk 0:28:04]} O-O {[%clk 0:24:26]} 14. Bb4 {[%clk 0:22:22]} Re8
{[%clk 0:23:36]} 15. Bxc4 {[%clk 0:21:43]} Bxc4 {[%clk 0:22:54]} 16. Qxc4
{[%clk 0:22:04]} Nxe5 {[%clk 0:21:47]} 17. Qc2 {[%clk 0:20:46]} Ng6 {[%clk
0:17:10]} 18. Bd2 {[%clk 0:19:23]} Nd7 {[%clk 0:16:08]} 19. O-O {[%clk
0:17:39]} Nf6 {[%clk 0:16:05]} 20. Rad1 {[%clk 0:16:54]} Qc8 {[%clk 0:15:54]}
21. Qb1 {[%clk 0:16:41]} Qb7 {[%clk 0:15:43]} 22. Rfe1 {[%clk 0:16:32]} h6
{[%clk 0:15:27]} 23. Ne4 {[%clk 0:15:06]} Nxe4 {[%clk 0:14:32]} 24. Rxe4 {[%clk
0:15:29]} Qe7 {[%clk 0:11:42]} 25. Rde1 {[%clk 0:14:47]} Qf6 {[%clk 0:10:24]}
26. R1e2 {[%clk 0:13:03]} Rac8 {[%clk 0:08:51]} 27. Re1 {[%clk 0:10:40]} Qf5
{[%clk 0:07:46]} 28. Rc1 {[%clk 0:09:28]} Rxc1+ {[%clk 0:07:59]} 29. Qxc1
{[%clk 0:09:52]} Qd5 {[%clk 0:07:41]} 30. Rc4 {[%clk 0:06:08]} Qa8 {[%clk
0:05:43]} 31. Bf4 {[%clk 0:05:23]} Nxf4 {[%clk 0:05:19]} 32. Rxf4 {[%clk
0:05:49]} Rc8 {[%clk 0:05:19]} 33. Rc4 {[%clk 0:04:47]} Rxc4 {[%clk 0:05:38]}
34. Qxc4 {[%clk 0:05:13]} Qd8 {[%clk 0:05:32]} 35. Qc2 {[%clk 0:04:29]} Qd7
{[%clk 0:05:06]} 36. Qe2 {[%clk 0:03:40]} Qc7 {[%clk 0:04:45]} 37. g3 {[%clk
0:01:55]} Qc1+ {[%clk 0:02:37]} 38. Kg2 {[%clk 0:02:15]} Qc6 {[%clk 0:02:36]}
39. Kg1 {[%clk 0:01:38]} Qc5+ {[%clk 0:01:33]} 40. Kg2 {[%clk 0:01:58]} Qc6
{[%clk 0:01:44]} 41. Kg1 {[%clk 0:02:22]} f6 {[%clk 0:27:37]} 42. f4 {[%clk
0:28:50]} Qc5+ {[%clk 0:23:58]} 43. Qf2 {[%clk 0:27:35]} Qxf2+ {[%clk 0:23:52]}
44. Kxf2 {[%clk 0:27:56]} Kf7 {[%clk 0:23:57]} 45. Kf3 {[%clk 0:28:03]} Ke7
{[%clk 0:22:39]} 46. Ke3 {[%clk 0:25:21]} Kd6 {[%clk 0:20:14]} 47. Kd4 {[%clk
0:21:39]} Kc6 {[%clk 0:16:39]} 48. Kc4 {[%clk 0:19:27]} b5+ {[%clk 0:15:26]}
49. Kd4 {[%clk 0:18:09]} Kd6 {[%clk 0:13:32]} 50. b4 {[%clk 0:17:13]} a6 {[%clk
0:12:53]} 51. Ke4 {[%clk 0:16:44]} g6 {[%clk 0:12:10]} 52. h3 {[%clk 0:16:34]}
e5 {[%clk 0:06:26]} 53. h4 {[%clk 0:11:50]} h5 {[%clk 0:04:47]} 54. fxe5+
{[%clk 0:10:03]} fxe5 {[%clk 0:04:35]} 55. Kd3 {[%clk 0:07:28]} Kd5 {[%clk
0:04:34]} 0-1

[Event "DVM U14w 2017"]
[Site "Neumünster GER"]
[Date "2017.12.29"]
[Round "6"]
[White "Klühs, Isabel"]
[Black "Schmidt, Pauline"]
[Result "0-1"]
[Termination "normal"]
[Board "4.3"]
[WhiteElo "1466"]
[BlackElo "1271"]
[WhiteClock "00:27:13"]
[BlackClock "00:11:58"]
[WhiteTeam "SC Borussia 1920 Friedrichsfelde"]
[BlackTeam "SG Blau-Weiß Stadtilm"]
[PlyCount "120"]
[WhiteFideId "16228944"]
[BlackFideId "16209850"]
[EventCountry "GER"]
[EventRounds "7"]
[EventType "team-swiss"]
[EventDate "2017.12.26"]

1. d4 {[%clk 1:30:58]} c5 {[%clk 1:30:49]} 2. Nf3 {[%clk 1:26:33]} cxd4 {[%clk
1:31:06]} 3. Nxd4 {[%clk 1:26:12]} Nc6 {[%clk 1:31:19]} 4. c3 {[%clk 1:20:52]}
g6 {[%clk 1:30:31]} 5. e3 {[%clk 1:19:35]} Bg7 {[%clk 1:28:44]} 6. Bd3 {[%clk
1:19:15]} Nf6 {[%clk 1:26:57]} 7. O-O {[%clk 1:18:50]} O-O {[%clk 1:24:45]} 8.
Nd2 {[%clk 1:16:51]} d6 {[%clk 1:20:37]} 9. h3 {[%clk 1:13:52]} h6 {[%clk
1:17:57]} 10. N2f3 {[%clk 1:11:55]} e5 {[%clk 1:12:40]} 11. Nxc6 {[%clk
1:10:53]} bxc6 {[%clk 1:12:59]} 12. Qc2 {[%clk 1:08:33]} Nh7 {[%clk 1:09:16]}
13. e4 {[%clk 1:06:04]} f5 {[%clk 1:07:35]} 14. Bc4+ {[%clk 0:55:54]} Kh8
{[%clk 1:04:34]} 15. Bb3 {[%clk 0:54:07]} g5 {[%clk 1:00:24]} 16. Nh2 {[%clk
0:51:51]} g4 {[%clk 0:54:07]} 17. Qd3 {[%clk 0:50:40]} gxh3 {[%clk 0:44:37]}
18. Qxh3 {[%clk 0:50:07]} fxe4 {[%clk 0:44:06]} 19. Qe3 {[%clk 0:49:38]} Ng5
{[%clk 0:41:57]} 20. Bd1 {[%clk 0:47:12]} Qf6 {[%clk 0:32:07]} 21. Qg3 {[%clk
0:43:38]} Qg6 {[%clk 0:27:51]} 22. Bxg5 {[%clk 0:43:22]} Qxg5 {[%clk 0:27:25]}
23. Qxg5 {[%clk 0:43:22]} hxg5 {[%clk 0:27:48]} 24. Re1 {[%clk 0:43:21]} d5
{[%clk 0:27:31]} 25. Ba4 {[%clk 0:37:48]} Bd7 {[%clk 0:25:19]} 26. Rad1 {[%clk
0:36:39]} Rac8 {[%clk 0:23:16]} 27. f3 {[%clk 0:33:57]} exf3 {[%clk 0:22:42]}
28. Nxf3 {[%clk 0:33:58]} Bg4 {[%clk 0:21:04]} 29. Nxe5 {[%clk 0:27:00]} Bxe5
{[%clk 0:18:39]} 30. Rxe5 {[%clk 0:26:42]} Bxd1 {[%clk 0:18:58]} 31. Bxd1
{[%clk 0:27:00]} Rce8 {[%clk 0:18:25]} 32. Re2 {[%clk 0:25:53]} a6 {[%clk
0:15:59]} 33. Rxe8 {[%clk 0:25:03]} Rxe8 {[%clk 0:16:22]} 34. Ba4 {[%clk
0:25:17]} Re6 {[%clk 0:15:07]} 35. Kf2 {[%clk 0:25:19]} Kg7 {[%clk 0:15:09]}
36. Kf3 {[%clk 0:25:23]} g4+ {[%clk 0:11:33]} 37. Kf2 {[%clk 0:25:13]} Kf6
{[%clk 0:09:27]} 38. Bb3 {[%clk 0:25:03]} Kg5 {[%clk 0:08:41]} 39. c4 {[%clk
0:21:31]} d4 {[%clk 0:08:14]} 40. Kf1 {[%clk 0:21:43]} d3 {[%clk 0:08:21]} 41.
c5 {[%clk 0:21:22]} Re5 {[%clk 0:08:19]} 42. Bc4 {[%clk 0:21:22]} Re3 {[%clk
0:07:40]} 43. Bxa6 {[%clk 0:21:24]} Kf4 {[%clk 0:06:25]} 44. Bxd3 {[%clk
0:21:36]} Rxd3 {[%clk 0:06:40]} 45. b4 {[%clk 0:21:41]} Ra3 {[%clk 0:06:54]}
46. b5 {[%clk 0:21:57]} cxb5 {[%clk 0:07:09]} 47. c6 {[%clk 0:22:20]} Rc3
{[%clk 0:07:27]} 48. c7 {[%clk 0:22:32]} Rxc7 {[%clk 0:07:51]} 49. g3+ {[%clk
0:22:58]} Kxg3 {[%clk 0:08:12]} 50. Ke2 {[%clk 0:23:20]} Rc2+ {[%clk 0:08:27]}
51. Ke3 {[%clk 0:23:43]} Rxa2 {[%clk 0:08:51]} 52. Ke4 {[%clk 0:24:06]} Kf2
{[%clk 0:09:13]} 53. Kf4 {[%clk 0:24:29]} g3 {[%clk 0:09:39]} 54. Ke5 {[%clk
0:24:54]} g2 {[%clk 0:10:05]} 55. Kd4 {[%clk 0:25:20]} g1=Q {[%clk 0:10:28]}
56. Ke4 {[%clk 0:25:41]} Qg3 {[%clk 0:10:47]} 57. Kd5 {[%clk 0:26:05]} Qg4
{[%clk 0:11:06]} 58. Ke5 {[%clk 0:26:25]} Ra5 {[%clk 0:11:20]} 59. Kd6 {[%clk
0:26:50]} b4 {[%clk 0:11:37]} 60. Kc6 {[%clk 0:27:13]} Qg6+ {[%clk 0:11:58]}
0-1